Finančný manažment zbierka príkladov
Guardado en:
| Autor principal: | |
|---|---|
| Otros Autores: | , , , , |
| Formato: | Libro |
| Lenguaje: | eslovaco |
| Publicado: |
Bratislava
Iura Edition
2011
|
| Edición: | 4. preprac. a dopl. vyd. |
| Colección: | Ekonómia
|
| Materias: | |
| Etiquetas: |
Sin Etiquetas, Sea el primero en etiquetar este registro!
|
MARC
| LEADER | 00000nam$a2200000$$$4500 | ||
|---|---|---|---|
| 001 | 0144039 | ||
| 005 | 20240502072600.0 | ||
| 020 | |a 978-80-8078-431-7 | ||
| 041 | 0 | |a slo | |
| 044 | |a SK | ||
| 245 | 1 | 0 | |a Finančný manažment |b zbierka príkladov |c Jozef Kráľovič ... [et al.] |
| 250 | |a 4. preprac. a dopl. vyd. | ||
| 264 | 1 | |a Bratislava |b Iura Edition |c 2011 | |
| 300 | |a 235 s. [11,464 AH] | ||
| 490 | 1 | |a Ekonómia | |
| 830 | 0 | |a Ekonómia | |
| 610 | 2 | 0 | |a financie |
| 610 | 2 | 0 | |a manažment finančný |
| 610 | 2 | 0 | |a rozvoj podniku |
| 610 | 2 | 0 | |a investície finančné |
| 610 | 2 | 0 | |a štruktúra podniku finančná |
| 610 | 2 | 0 | |a dividendy |
| 610 | 2 | 0 | |a plánovanie podnikové |
| 610 | 2 | 0 | |a manažment medzinárodný |
| 610 | 2 | 0 | |a analýza finančná |
| 610 | 2 | 0 | |a plánovanie finančné |
| 610 | 2 | 0 | |a kapitál prevádzkový |
| 610 | 2 | 0 | |a styk platobný |
| 610 | 2 | 0 | |a fúzie |
| 100 | 1 | |a Kráľovič, Jozef | |
| 700 | 1 | |a Polednáková, Anna, 1957- | |
| 700 | 1 | |a Sochor, Milan | |
| 700 | 1 | |a Vlachynský, Karol | |
| 700 | 1 | |a Miková, Oľga | |
| 700 | 1 | |a Markovič, Peter, 1974- | |